La indomable inflación Colombiana como ponerle termino / (Registro nro. 12213)

Detalles MARC
000 -LEADER
fixed length control field 00932nam a2200253Ia 4500
003 - CONTROL NUMBER IDENTIFIER
control field OSt
005 - DATE AND TIME OF LATEST TRANSACTION
control field 20210813142512.0
008 - FIXED-LENGTH DATA ELEMENTS--GENERAL INFORMATION
fixed length control field 210310s1995 ck gr 000 0 spa d
020 ## - INTERNATIONAL STANDARD BOOK NUMBER
International Standard Book Number 9589560393 (serie)
020 ## - INTERNATIONAL STANDARD BOOK NUMBER
International Standard Book Number 9589442056
040 ## - CATALOGING SOURCE
Original cataloging agency CO-JMCR
Transcribing agency CO-JMCR
041 0# - LANGUAGE CODE
Language code of text/sound track or separate title spa
082 04 - DEWEY DECIMAL CLASSIFICATION NUMBER
Classification number 332.41 /
Item number G183i
Edition number 23
100 1# - MAIN ENTRY--PERSONAL NAME
Personal name Gaviria Cadavid, Fernando,
Relator term autor
9 (RLIN) 2655
245 13 - TITLE STATEMENT
Title La indomable inflación Colombiana como ponerle termino /
Statement of responsibility, etc. Fernando Gaviria Cadavid
260 ## - PUBLICATION, DISTRIBUTION, ETC.
Place of publication, distribution, etc. Bogotá :
Name of publisher, distributor, etc. Fondo de publicaciones institución Universitaria Sergio Arboleda,
Date of publication, distribution, etc. 1995.
300 ## - PHYSICAL DESCRIPTION
Extent 107 páginas ;
Dimensions 20 cm.
490 0# - SERIES STATEMENT
Series statement Serie debates ;
Volume/sequential designation 3.
501 ## - WITH NOTE
With note Con : notas a pie de página.
505 ## - FORMATTED CONTENTS NOTE
Formatted contents note La inflación en Colombia. -- Cómo detener la inflación. -- Las experiencias en los años 90 y la apertura económica.
650 14 - SUBJECT ADDED ENTRY--TOPICAL TERM
Topical term or geographic name entry element Inflación
9 (RLIN) 4900
650 24 - SUBJECT ADDED ENTRY--TOPICAL TERM
Topical term or geographic name entry element Evolución
General subdivision Inflación
9 (RLIN) 39383
942 ## - ADDED ENTRY ELEMENTS (KOHA)
Source of classification or shelving scheme Dewey Decimal Classification
Koha item type Books
Existencias
Withdrawn status Lost status Source of classification or shelving scheme Damaged status Not for loan Home library Current library Shelving location Date acquired Source of acquisition Full call number Barcode Date last seen Copy number Price effective from Koha item type
    Dewey Decimal Classification     Biblioteca Pública José María del Castillo y Rada Biblioteca Pública José María del Castillo y Rada General Stacks 04/15/2018 Donación 332.41 / G183i 430002555 05/16/2024 Ej.1 03/10/2021 Books